000 00336nam a22001457a 4500
003 OSt
008 220521b ||||| |||| 00| 0 eng d
020 _a9789386545008
082 _a158 HIN
100 _aHILL, Napoleon
245 _aThink & Grow Rich
260 _aNew Delhi
_bJain Publishers
_c2022
300 _a272
942 _2ddc
_cBK
999 _c11226
_d11226